US-Staaten nach erstem Buchstaben von Staat und Hauptstadt - Statistiken

Allgemein
  • Dieses Quiz wurde 99 mal gespielt
  • Das Durchschnittsergebnis liegt bei 10 aus 15
Antwortstatistiken
Staat und Hauptstadt % Korrekt
I B Idaho | Boise
87%
V R Virginia | Richmond
87%
O S Oregon | Salem
86%
H H Hawaii | Honolulu
84%
A M Alabama | Montgomery
75%
A L Arkansas | Little Rock
66%
R P Rhode Island | Providence
66%
T A Texas | Austin
65%
S P South Dakota | Pierre
64%
C D Colorado | Denver
62%
M L Michigan | Lansing
61%
N R North Carolina | Raleigh
58%
N L Nebraska | Lincoln
55%
M H Montana | Helena
52%
M B Massachusetts | Boston
42%
Keine übereinstimmenden Quizze gefunden
Verteilung der Resultate
Anzahl Personen mit jedem Resultat
Perzentil nach korrekt beantworteten Fragen
Ihre Resultats-Entwicklung
Sie haben dieses Quiz noch nicht gespielt